000 00402nam a2200169Ia 4500
001 18089
003 IN-NITTTR
005 20251114233211.0
008 251113s9999||||xx |||||||||||||| ||eng||
040 _beng
040 _cIN-NITTTR
041 _aeng
082 _a005.113 S81
100 _aKrieger, Morris
245 0 _aStructured microprocessor programming. /
_cKrieger, Morris
942 _2ddc
_cBK
999 _c20723
_d20723